000 01184nam a2200217Ia 4500
001 20209
003 GE_BSU
008 181216s||||||||xx |||||||||||||| ||und||
040 _cGE_BSU
245 _aსაქართველოს უზენაესი სასამართლოს გადაწყვეტილებანისამოქალაქო საქმეებზე 12. საოჯახო სამართალი 2016
245 _bკრებული
245 _cგადაწყ. შერჩავასა და დამუშავ. პასუხისმგ. ზაზა ჯაფარიძე
260 _aთბილისი
260 _c2016
300 _a220გვ;20სმ.
653 _aპერიოდიკა
653 _aსამართალი
653 _aსაქართველოს უზენაესი სასამართლოს გადაწყვეტილებანისამოქალაქო საქმეებზე 12. საოჯახო სამართალი 2016
653 _aსოციალური დავები
942 _cCR
999 _c53170
_d53170